Một số biện pháp giáo dục nhận thức về vấn để "Baok lực học đường" cho học sinh tại trường trung học phổ thông Tân Kỳ 3, huyện Tân Kỳ, tỉnh Nghệ An /
Shranjeno v:
| Glavni avtor: | |
|---|---|
| Format: | Bài viết |
| Jezik: | Vietnamese |
| Teme: | |
| Oznake: |
Označite
Brez oznak, prvi označite!
|
| Thư viện lưu trữ: | Thư viện Trường Đại học Đà Lạt |
|---|
| LEADER | 00907nam a2200265 4500 | ||
|---|---|---|---|
| 001 | DLU190190407 | ||
| 005 | ##20190410 | ||
| 040 | # | # | |a DLU |b vie |
| 041 | # | # | |a vie |
| 044 | # | # | |a vn |
| 100 | # | # | |a Nguyễn Thị Thảo. |
| 245 | # | # | |a Một số biện pháp giáo dục nhận thức về vấn để "Baok lực học đường" cho học sinh tại trường trung học phổ thông Tân Kỳ 3, huyện Tân Kỳ, tỉnh Nghệ An / |c Nguyễn Thị Thảo. |
| 653 | # | # | |a Bạo lực học đường |
| 653 | # | # | |a Gíao dục |
| 653 | # | # | |a Nhận thức |
| 773 | # | # | |t Tạp chí Giáo dục |g Số 409, 2017, tr.1-3 |
| 920 | # | # | |a Phòng Tạp chí -- Trung tâm Thông tin - Thư viện Trường Đại học Đà Lạt |
| 994 | # | # | |a DLU |
| 900 | # | # | |a True |
| 911 | # | # | |a Trần Thị Minh Hương |
| 925 | # | # | |a G |
| 926 | # | # | |a A |
| 927 | # | # | |a BB |
| 980 | # | # | |a Thư viện Trường Đại học Đà Lạt |